000 00611nam a2200193 i 4500
001 34386
003 ES-MaACL
005 20230906154926.0
007 t|
008 030204s1964 sp ||||1| spa d
080 _a636.2
100 1 _aBlaxter, K. Lyon.
_929428
245 1 0 _aMetabolismo energético de los rumiantes /
_cK. Lyon Blaxter ; traducido por Gaspar González y González.
260 _aZaragoza :
_bAcribia,
_c[1964] (
_fHeraldo de Aragón)
300 _a314 p. :
_bil. ;
_c24 cm.
650 _aRumiantes.
_916954
700 1 _aGonzález y González, Gaspar.
_959033
852 4 _aES-MaACL
_jC-26986
999 _c34386
_d34386